Historia antigua de Roma

I tiakina i:
Ngā taipitopito rārangi puna kōrero
Kaituhi matua: Dionisio de Halicarnaso (Author)
Hōputu: Pukapuka
Reo:Pāniora
I whakaputaina: Madrid Gredos 1984
Rangatū:Biblioteca Clásica Gredos, 73-74
Ngā marau:
Ngā Tūtohu: Tāpirihia he Tūtohu
Kāore He Tūtohu, Me noho koe te mea tuatahi ki te tūtohu i tēnei pūkete!

MARC

LEADER 00000nam a2200000 a 4500
001 UCP8963
003 CL-VaPUC
008 000317e19840000SP |||||||||||||||||spa|d
082 0 4 |a 937  |b DIO  |2 21 
100 0 |a Dionisio de Halicarnaso  |e author  |9 439230 
245 1 0 |a Historia antigua de Roma 
300 |a 2 v 
942 |c BK 
945 |d 20000317 00:00:00  |a crobeson 
260 |a Madrid  |b Gredos  |c 1984 
500 |a v.1: Libros I-III 
500 |a v.2: Libros IV-VI 
650 0 |a Historia romana  |9 322973 
650 0 |a Historia antigua  |9 267521 
650 0 |a Civilizaciones antiguas  |9 265998 
651 0 |a Roma   |9 255106 
583 |a last modification  |c 20000317 00:00:00  |k Rodrigo Vera 
490 0 |a Biblioteca Clásica Gredos, 73-74 
999 |c 285817  |d 285815 
952 |0 0  |1 0  |4 0  |6 937_000000000000000_DIO_1984  |7 0  |8 X  |9 330611  |a BIBHIS  |b BIBHIS  |d 2019-11-20  |h v.1  |i 139634K  |o 937 DIO 1984  |p 139634K  |r 2024-01-30  |w 2019-11-20  |y BK_X  |k HIS 
952 |0 0  |1 0  |4 0  |6 937_000000000000000_DIO_1984  |7 0  |8 X  |9 330612  |a BIBHIS  |b BIBHIS  |d 2019-11-20  |h v.2  |i 1396358  |l 1  |m 1  |o 937 DIO 1984  |p 1396358  |r 2024-01-30  |s 2023-08-09  |w 2019-11-20  |y BK_X  |k HIS